Catalog

Record Details

Catalog Search



Ultimate guide to dog training / Teoti Anderson, ... Read More

Anderson, Teoti,(author.).

Available copies

  • 1 of 2 copies available at LARL/NWRL Consortium.
  • 1 of 2 copies available at Lake Agassiz Regional Library. (Show preferred library)

Current holds

0 current holds with 2 total copies.

Show All Copies
Location Call Number / Copy Notes Barcode Shelving Location Status Due Date
Fertile Public Library 636 AND (Text) 33500013354683 Main Available -

Record details

  • ISBN: 9781621871958
  • ISBN: 1621871959
  • Physical Description: 240 pages : color illustrations ; 24 cm
  • Publisher: Mount Joy, PA : CompanionHouse Books, [2014]

Content descriptions

Bibliography, etc. Note:
Includes bibliographical references and index.
Formatted Contents Note:
The basics of dog training -- Puppy training -- ... Read More
Subject: Dogs > Training.
Dogs > Behavior.
LDR 01116nam a2200289Ii 4500
001350650
003LARL_NWRL_CONSORTIUM
00520210302202239.0
008210127s2014 paua b 001 0 eng d
040 . ‡aCLE ‡beng ‡erda ‡cCLE ‡dOCLCO
020 . ‡a9781621871958 ‡q(paperback)
020 . ‡a1621871959 ‡q(paperback)
035 . ‡a(OCoLC)1233081385
1001 . ‡aAnderson, Teoti, ‡eauthor. ‡0(LARL_NWRL_CONSORTIUM)207772
24510. ‡aUltimate guide to dog training / ‡cTeoti Anderson, CPDT-KA, KPA-CTP.
2463 . ‡aUltimate guide to dog training : ‡bpuppy training to advance techniques plus 25 problem behaviors solved!
264 1. ‡aMount Joy, PA : ‡bCompanionHouse Books, ‡c[2014]
300 . ‡a240 pages : ‡bcolor illustrations ; ‡c24 cm
336 . ‡atext ‡btxt ‡2rdacontent
337 . ‡aunmediated ‡bn ‡2rdamedia
338 . ‡avolume ‡bnc ‡2rdacarrier
504 . ‡aIncludes bibliographical references and index.
5050 . ‡aThe basics of dog training -- Puppy training -- The training program -- Solving training and behavioral issues.
650 0. ‡aDogs ‡xTraining. ‡0(LARL_NWRL_CONSORTIUM)18695
650 0. ‡aDogs ‡xBehavior. ‡0(LARL_NWRL_CONSORTIUM)168986
901 . ‡a350650 ‡bOCoLC ‡c350650 ‡tbiblio ‡soclc

Additional Resources